New Zealand Regional Capitals - Statistics

General Stats
  • This quiz has been taken 487 times
  • The average score is 12 of 16
Answer Stats
Region Capital % Correct
Auckland Auckland
98%
Wellington Wellington
92%
Canterbury Christchurch
91%
Nelson Nelson
88%
Otago Dunedin
85%
Gisborne Gisborne
84%
Waikato Hamilton
80%
Hawke's Bay Napier
76%
Southland Invercargill
74%
Northland Whangarei
68%
West Coast Greymouth
66%
Marlborough Blenheim
65%
Manawatu-Wanganui Palmerston North
65%
Bay of Plenty Whakatane
52%
Taranaki Stratford
37%
Tasman Richmond
36%
No matching quizzes found
Score Distribution
Percent of People with Each Score
Percentile by Number Answered
Your Score History
You have not taken this quiz